000 00406nam a22001697a 4500
003 UA-OsUOA
001 3231
007 ta
008 20050721b un ||||| |||| 00| 0 ukr d
100 _aРиордан
700 _aД.
942 _cBK
040 _aUA-OsUOA
_cUA-OsUOA
_dUA-OsUOA
245 _aНародные сказки британских островов
_bReading
955 _a2
650 7 _2UDC
999 _c289393
_d289393